Meilleures équipes de la Ligue des Champions - Statistiques

Statistiques générales
  • Ce quiz a été pris 341 fois
  • Le résultat moyen est 15 sur 20
Statistiques - réponses
Rang Équipe % Correct
1 Real Madrid
100%
3 FC Barcelone
98%
2 Bayern Munich
95%
17 Manchester City
94%
4 Manchester United
94%
6 AC Milan
93%
12 Inter Milan
91%
7 Liverpool
89%
16 Paris Saint-Germain
89%
14 Borussia Dortmund
87%
10 Chelsea
84%
5 Juventus
84%
13 Arsenal
79%
15 Atlético Madrid
73%
8 FC Porto
71%
11 AFC Ajax
67%
9 SL Benfica
64%
19 PSV Eindhoven
43%
20 Celtic
34%
18 Dynamo Kiev
9%
Aucun quiz correspondant
Distribution des résultats
% des personnes avec chaque résultat
Percentile par nombre de réponses
Votre historique - résultats
Vous n’avez pas pris ce quiz